00613nam a2200193Ia 450000500170000000800410001702000240005804000190008204100120010108200150011310000180012824501370014626000280028330000140031150400500032565000160037565100180039185000100040920230413105356.0131103s9999 xx 000 0 und d a1842770470cRs 1685 aLoreto College aEnglish a338.9bRIH aRihani, Samir aComplex systems theory and development practiceb understanding nonlinear realities cSamir Rihani with foreword by Hernando de Soto aLondonbZed Booksc2002 axvi,280p  aIncludes bibliographical references and index aDevelopment aGlobalisation aLCLIB